Statistics for Shameless Characters

Click here to take the quiz!

General Stats

  • This quiz has been taken 148 times
  • The average score is 12 of 15

Answer Stats

HintAnswer% Correct
GallagherFIona
100%
GallagherFrank
99%
GallagherLip
98%
GallagherIan
97%
GallagherCarl
96%
GallagherDebbie
96%
GallagherLiam
94%
GallagherMonica
91%
BallKev
87%
MilkovichMickey
87%
FisherV
87%
MilkovichMandy
80%
MilkovichSandy
30%
GallagherFreddie
17%
GallagherFranie
16%

Score Distribution

Percentile by Number Answered

Percent of People with Each Score

Your Score History

You have not taken this quiz